000 01116nam a2200253Ia 4500
003 OSt
005 20210804122525.0
008 210310s1972 sp ad gr 000 0 spa d
040 _aCO-JCMR
_cCO-JCMR
041 1 _aspa
_hger
082 0 4 _a332.159 /
_bS456b
_223
100 1 _aSchneider, Erick,
_eautor
_927398
245 1 0 _aBalanza de pagos y tipo de cambio /
_cErick Schneider ; traducción del alemán por Luis A. Martin Merino
260 _aMadrid, España :
_bAguilar,
_c1972.
300 _a224 páginas :
_bilustraciones y gráficas en blanco y negro ;
_c21 cm.
490 0 _aIniciación a la economía
504 _aBibliografía : páginas 211-216, e índice de autores y materias .
505 0 _aLas transacciones económicas internacionales y su financiación. -- La balanza estadística de pagos. -- La balanza de pagos como mercado. -- Desequilibrio y ajuste de la balanza de pagos.
650 1 4 _aEstadísticas de pagos.
_927400
650 2 4 _aBalanza de pagos.
_92780
650 2 4 _aTransacciones económicas
_939047
700 1 _aMartin Merino, Luis A.,
_etraductor
_95103
942 _2ddc
_cBK
999 _c12138
_d12138